000
00291nam a2200121Ia 4500
008
191201s2017 xx 000 0 und d
100
_a
VEERARAJAN, T
245
0
_a
Probability, Statistics and Random Processes
260
_b
TMH
_c
2017
300
_a
595
650
_a
Applied
942
_2
ddc
_c
BK
999
_c
7118
_d
7118